LEADER 01461nam a22004695a 4500
001 DER.der015726
008 260528s2026####xx############000#0#und#d
005 20260528154306.0
245 1 0 |a El sistema penal bonaerense VI /  |c coordinado por Ricardo S. Favarotto. 
250 |a 1a. ed. 
260 |a Ciudad Autónoma de Buenos Aires :  |b Editores del Sur,  |c 2026. 
300 |a 704 p. 
020 |a 9786316518767 
700 1 |a Favarotto, Ricardo S.,  |e coord. 
700 1 |a Ares, José Luis. 
700 1 |a Banchero, Denis Ariel. 
700 1 |a Binder, Alberto M. 
700 1 |a Bouchoux, Manuel. 
700 1 |a Di Giulio, Gabriel H. 
700 1 |a Dib, Karina Paola. 
700 1 |a Erbetta, Daniel. 
700 1 |a Favarotto, Ricardo S. 
700 1 |a García Borda, Rafael. 
700 1 |a Giuliani, Gabriel. 
700 1 |a González, Sofía. 
700 1 |a Herbel, Gustavo A. 
700 1 |a Kogan, Hilda. 
700 1 |a Lescano, María José. 
700 1 |a Marino, Luciano J. 
700 1 |a Mena, Juan Martín. 
700 1 |a Miquelarena, Agostina. 
700 1 |a Musso, Alejandro. 
700 1 |a Nanni, Adriana Lucía. 
700 1 |a Nicora, Guillermo. 
700 1 |a Pineda Neisa, Ana Selene. 
700 1 |a Pitlevnik, Leonardo G. 
700 1 |a Schiavo, Nicolás. 
700 1 |a Solari, María Laura. 
700 1 |a Tapia, Juan Francisco. 
700 1 |a Zaffaroni, Eugenio Raúl. 
650 7 |a DERECHO PENAL 
859 |a DERECHO  |b BIB. DERECHO  |h 345  |i FAV  |p 0010817